| 000 | 00638nam a22002057a 4500 | ||
|---|---|---|---|
| 003 | 0 | ||
| 005 | 20240125091211.0 | ||
| 008 | 240125b xxu||||| |||| 00| 0 eng d | ||
| 020 | _a978-1-5297-3219-1 | ||
| 050 |
_aRT 86.7 _b.Y38 2022 |
||
| 100 | _aYates, Catherine D. | ||
| 245 |
_aEssentials of nursing practice _cCatherine D.Yates |
||
| 250 | _a3ed edition | ||
| 260 |
_aLos Angeles _bSage Publications Ltd. _cc2022. |
||
| 300 |
_axxvi, 822 pages : _bcolored (some) ; _c25 cm. |
||
| 504 | _aIncludes bibliographical references, index, and glossary. | ||
| 650 | _aNursing care. | ||
| 650 | _aNursing process. | ||
| 942 |
_2lcc _cBK |
||
| 999 |
_c365892 _d365892 |
||